Statistics for NBA Career Leaders In Assists

Click here to take the quiz!

General Stats

  • This quiz has been taken 22 times
  • The average score is 11 of 20

Answer Stats

Total AssistsAnswer% Correct
15806John Stockton
100%
10141Magic Johnson
100%
12091Jason KIdd
81%
8662LeBron James
81%
10335Steve Nash
81%
9181Chris Paul
75%
9887Oscar Robertson
69%
10334Mark Jackson
56%
7036Tony Parker
56%
6955Bob Cousy
50%
8966Gary Payton
50%
9061isiah Thomas
50%
6975Rajon Rondo
44%
7095Tim Hardaway
44%
7392Maurice Cheeks
31%
7160Terry Porter
31%
8524Andre Miller
25%
7987Rod Strickland
19%
6917Guy Rodgers
13%
7211Lenny Wilkens
6%

Score Distribution

Percentile by Number Answered

Percent of People with Each Score

Your Score History

You have not taken this quiz